Electromagnatic fields waves and antennas (Record no. 193605)
[ view plain ]
| 000 -LEADER | |
|---|---|
| fixed length control field | 00902 a2200169 4500 |
| 003 - CONTROL NUMBER IDENTIFIER | |
| control field | Nust |
| 005 - DATE AND TIME OF LATEST TRANSACTION | |
| control field | 20170207154102.0 |
| 040 ## - CATALOGING SOURCE | |
| Transcribing agency | Nust |
| 082 ## - DEWEY DECIMAL CLASSIFICATION NUMBER | |
| Classification number | 537 |
| 100 ## - MAIN ENTRY--PERSONAL NAME | |
| Personal name | D.V. Parsad |
| 245 ## - TITLE STATEMENT | |
| Title | Electromagnatic fields waves and antennas |
| Statement of responsibility, etc. | D.V. Parsad |
| 260 ## - PUBLICATION, DISTRIBUTION, ETC. | |
| Place of publication, distribution, etc. | 2-B Nath market , nai sarak Delhi |
| Name of publisher, distributor, etc. | Khanna Publishers |
| Date of publication, distribution, etc. | 1986 |
| 300 ## - PHYSICAL DESCRIPTION | |
| Extent | vii, 289 |
| 505 ## - FORMATTED CONTENTS NOTE | |
| Formatted contents note | Vector Analysis (Page-1) Electrical Field (Page-13) Magnetic Fields (Page-35) Time Varying Fields and Maxwell’s Equations (Page-50) Plane Wave Propagation (Page-69) Reflection, Refraction of Electromagnetic (Page-100) E.M Waves Between Parallel Planes (Page-135) wave Guides (Page-162) Transmission Lines (Page-179) Radiation (Page-193) Basic of Antennas (Page-215) Antennas For Different Frequencies (Page-238) Wave Propagation (Page-265) |
| 538 ## - SYSTEM DETAILS NOTE | |
| System details note | Almirah No.17 and Shelf No.2 |
| 650 ## - SUBJECT ADDED ENTRY--TOPICAL TERM | |
| Topical term or geographic name entry element | Electromagnatic fields waves and antennas |
| 942 ## - ADDED ENTRY ELEMENTS (KOHA) | |
| Source of classification or shelving scheme | |
| Koha item type | Book |
| Withdrawn status | Lost status | Source of classification or shelving scheme | Damaged status | Not for loan | Collection code | Permanent Location | Current Location | Date acquired | Total Checkouts | Full call number | Barcode | Date last seen | Price effective from | Koha item type |
|---|---|---|---|---|---|---|---|---|---|---|---|---|---|---|
| Military College of Signals (MCS) | Military College of Signals (MCS) | 12/12/2016 | 537 PRA | MCS21914 | 12/08/2016 | 12/12/2016 | Book |
